| 000 | 00900nam0a2200229 4500 | ||
|---|---|---|---|
| 001 | RU\NLR\BIBL_A\011323370 | ||
| 005 | 20250626043231.0 | ||
| 035 | _a(NLR Aleph) 011323370 | ||
| 090 |
_a13414422 _c13414422 |
||
| 100 | _a20170209d1962 |||y0rusy50 ca | ||
| 101 | 0 |
_aaze _crus |
|
| 102 | _aAZ | ||
| 105 | _ay z 000 y | ||
| 200 | 1 |
_aКооператив мүлкиjjәтинин горунмасына даир гәрар вә ҝөстәришләр мәҹмуәси _gтәрҹ.ед.: И.М. Маһмудов |
|
| 210 |
_aБакы _cАзәриттифагын нәшри _d1962 |
||
| 215 |
_a227, [1] с. _d21 |
||
| 541 | 1 | _aСборник постановлений и указаний о сохранности кооперативной собственности | |
| 702 | 0 |
_aМаһмудов _bИ.М. _4730 |
|
| 852 |
_aNLR _bОНЛ _jАзерб./3-6928 |
||
| 942 | _cBOOK | ||
| 980 | _aNB | ||